Pays de l'Union Soviétique (URSS) - Statistiques

Statistiques générales
  • Ce quiz a été pris 41 607 fois
  • Le résultat moyen est 12 sur 15
Statistiques - réponses
Pays % Correct
Ukraine
96%
Biélorussie
92%
Russie
92%
Estonie
88%
Lettonie
88%
Lituanie
88%
Kazakhstan
80%
Géorgie
77%
Arménie
75%
Ouzbékistan
74%
Azerbaïdjan
73%
Turkménistan
73%
Moldavie
71%
Tadjikistan
70%
Kirghizistan
69%
Aucun quiz correspondant
Distribution des résultats
% des personnes avec chaque résultat
Percentile par nombre de réponses
Votre historique - résultats
Vous n’avez pas pris ce quiz